Central Library OPAC University of Rajshahi

An introduction to Asia / (Record no. 25299)

MARC details
000 -LEADER
fixed length control field 00723cam a22002531 4500
001 - CONTROL NUMBER
control field 25299
003 - CONTROL NUMBER IDENTIFIER
rucl marc code BD-RjUL
005 - DATE AND TIME OF LATEST TRANSACTION
control field 20211209050847.0
008 - FIXED-LENGTH DATA ELEMENTS--GENERAL INFORMATION
fixed length control field 140316r19661965xxu||||| |||| 00| 0 eng d
035 ## - SYSTEM CONTROL NUMBER
System control number (BD-RjUL)25368
System control number (OCoLC)2114591
040 ## - CATALOGING SOURCE
Original cataloging agency DLC
Transcribing agency OYU
Modifying agency OCoLC
-- DLC
-- BD-RjUL
Language of cataloging eng
041 1# - LANGUAGE CODE
Language code of text/sound track or separate title eng
Language code of original und
082 ## - DEWEY DECIMAL CLASSIFICATION NUMBER
Classification number 915.03
Author mark and year HEI
100 1# - MAIN ENTRY--PERSONAL NAME
Personal name Herbert, Jean,
Dates associated with a name 1897-1980.
9 (RLIN) 77804
245 13 - TITLE STATEMENT
Title An introduction to Asia /
Statement of responsibility, etc. Translated by Manu Banerji.
260 ## - PUBLICATION, DISTRIBUTION, ETC. (IMPRINT)
Place of publication, distribution, etc. New York :
Name of publisher, distributor, etc. Oxford University Press,
Date of publication, distribution, etc. 1965 [impression 1966]
300 ## - PHYSICAL DESCRIPTION
Pagination 410 p. ;
Size 23 cm.
504 ## - BIBLIOGRAPHY, ETC. NOTE
Bibliography, etc Bibliography: p. 376-387.
651 #0 - SUBJECT ADDED ENTRY--GEOGRAPHIC NAME
Geographic name Asia.
9 (RLIN) 77805
942 ## - ADDED ENTRY ELEMENTS (KOHA)
Source of classification or shelving scheme Dewey Decimal Classification
Koha item type Books
Holdings
Lost status Source of classification or shelving scheme Damaged status Not for loan Collection code Permanent Location Current Location Shelving location Date acquired Source of acquisition Cost, normal purchase price Total Checkouts Full call number Date last seen Copy number Koha item type
  Dewey Decimal Classification   Added to bundle Non-fiction Central Library, University of Rajshahi Central Library, University of Rajshahi Reading Room 03/08/1972 Book Center 46.20   915.03 HEI 1966 16/03/2014 C-1 Books